MARC details
| 000 -CABECERA |
| campo de control de longitud fija |
02352nam a2200277 a 4500 |
| 001 - NÚMERO DE CONTROL |
| campo de control |
000002531 |
| 003 - IDENTIFICADOR DEL NÚMERO DE CONTROL |
| campo de control |
DO-SdBNP |
| 005 - FECHA Y HORA DE LA ÚLTIMA TRANSACCIÓN |
| campo de control |
20230814135700.0 |
| 007 - CAMPO FIJO DE DESCRIPCIÓN FÍSICA--INFORMACIÓN GENERAL |
| campo de control de longitud fija |
ta |
| 008 - DATOS DE LONGITUD FIJA--INFORMACIÓN GENERAL |
| campo de control de longitud fija |
090702s2004 dr 000 0 spa d |
| 040 ## - FUENTE DE LA CATALOGACIÓN |
| Centro catalogador/agencia de origen |
DO-SdBNP |
| Lengua de catalogación |
spa |
| Centro/agencia transcriptor |
BNPHU |
| 082 ## - NÚMERO DE LA CLASIFICACIÓN DECIMAL DEWEY |
| Número de clasificación |
338.97293 |
| Número de documento/Ítem |
G748a |
| Número de edición |
22 |
| 111 2# - ENTRADA PRINCIPAL--NOMBRE DE CONGRESO/REUNIÓN |
| Nombre de congreso/reunión o jurisdicción como elemento de entrada |
Gran Convención Nacional Empresarial |
| Número del congreso/reunión o número de parte o sección |
(3ª : |
| Fecha del congreso/reunión |
2003 dic. 4-5 : |
| Sede del congreso/Lugar de la reunión |
Santo Domingo, República Dominicana) |
| 9 (RLIN) |
7947 |
| 245 10 - MENCIÓN DE TÍTULO |
| Título |
Agenda empresarial para el desarrollo. |
| 260 ## - PUBLICACIÓN, DISTRIBUCIÓN, ETC. |
| Lugar de publicación, distribución, etc. |
Santo Domingo : |
| Nombre del editor, distribuidor, etc. |
CONEP, |
| Fecha de publicación, distribución, etc. |
2004. |
| 300 ## - DESCRIPCIÓN FÍSICA |
| Extensión |
290 p. ; |
| Dimensiones |
22 cm. |
| 505 0# - NOTA DE CONTENIDO CON FORMATO |
| Información miscelánea |
Presentación -- |
| Título |
Palabras de apertura / |
| Mención de responsabilidad |
Miguel Ángel Tallaj -- |
| Título |
Discurso de clausura / |
| Mención de responsabilidad |
Elena Viyella de Paliza -- |
| Título |
El reordenamiento integral del Estado -- |
| -- |
La inversión social empresarial -- |
| -- |
Democracia y libre empresa -- |
| -- |
Documento de trabajo de la Tercera Gran Convención Nacional Empresarial para el Desarrollo / |
| Mención de responsabilidad |
Ecocaribe, S.A.: |
| Título |
El entorno macroeconómico -- |
| -- |
Recuperación de la estabilidad macroeconómica y del clima de inversiones -- |
| -- |
Competitividad y apertura -- |
| -- |
Política energética -- |
| -- |
Sostenibilidad de la seguridad social -- |
| -- |
Fortalecimiento de la institucionalidad -- |
| -- |
Pobreza y responsabilidad social de la empresa -- |
| -- |
Flujos migratorios -- |
| -- |
Resoluciones de la Tercera Gran Convención Empresarial -- |
| -- |
Propuesta para el área educativa Acción para la Educación Básica, Inc. (EDUCA) -- |
| -- |
Propuesta para el área de institucionalidad y Estado de Derecho, Fundación Institucionalidad y Justicia, Inc. (FINJUS) Área Institucionalidad y Estado de Derecho -- |
| -- |
Propuestas de resoluciones -- |
| -- |
Propuesta de Reforma Administrativa a la Aduana Dominicana, Asociación Dominicana de Agentes de Aduanas, Inc. (ADAA) -- |
| -- |
Conclusiones y recomendaciones a los partidos políticos, sus candidatos y simpatizantes que terciarán en las elecciones presidenciales de la República Dominicana. |
| 590 ## - NOTA LOCAL (RLIN) |
| Nota local |
Inventariado, 2018/BT |
| 650 #4 - PUNTO DE ACCESO ADICIONAL DE MATERIA--TÉRMINO DE MATERIA |
| Término de materia o nombre geográfico como elemento de entrada |
Desarrollo económico |
| Subdivisión geográfica |
República Dominicana |
| Subdivisión general |
Congresos, conferencias, etc. |
| 9 (RLIN) |
7948 |
| 650 #4 - PUNTO DE ACCESO ADICIONAL DE MATERIA--TÉRMINO DE MATERIA |
| Término de materia o nombre geográfico como elemento de entrada |
Potencial de crecimiento |
| Subdivisión cronológica |
REPÚBLICA DOMINICANA |
| Subdivisión general |
Congresos, conferencias, etc. |
| 9 (RLIN) |
7949 |
| 650 #4 - PUNTO DE ACCESO ADICIONAL DE MATERIA--TÉRMINO DE MATERIA |
| Término de materia o nombre geográfico como elemento de entrada |
Crecimiento económico |
| Subdivisión general |
Congresos, conferencias, etc. |
| 9 (RLIN) |
7950 |
| 650 #4 - PUNTO DE ACCESO ADICIONAL DE MATERIA--TÉRMINO DE MATERIA |
| Término de materia o nombre geográfico como elemento de entrada |
Planificación estratégica |
| 9 (RLIN) |
2433 |
| 651 #4 - PUNTO DE ACCESO ADICIONAL DE MATERIA--NOMBRE GEOGRÁFICO |
| Nombre geográfico |
República Dominicana |
| Subdivisión general |
Condiciones Económicas |
| 9 (RLIN) |
281 |
| 910 ## - DATOS DE OPCIÓN DEL USUARIO (OCLC) |
| Datos de opción del usuario |
Validado. Control de calidad. EMS |
| 942 ## - ELEMENTOS DE PUNTO DE ACCESO ADICIONAL (KOHA) |
| Fuente del sistema de clasificación o colocación |
Dewey Decimal Classification |
| Tipo de ítem Koha |
Libro |